000 00971nam a2200229Ia 4500
001 157-BEA he hi (16336)
003 IT-MiSPE
008 171229s9999||||xx |||||||||||||| ||und||
040 _aIT-MiSPE
_cIT-MiSPE
041 _aFRANCESE
100 _aHervé Beauchesne
245 0 _aHistoire de la psychopathologie
250 _a1a ed. (v)
260 _aParis
_bPUF
_c1986
300 _a268 p.
_c21 cm
490 _aLe psychologue
_v97
500 _aPsicopatologia
501 _aEdizioni San Paolo srl - Piazza Soncino, 5 - 20092 CINISELLO BALSAMO (MI) (non commercial uses only) ® Copyright 2018
942 _cBK
957 _71
999 _a2716
_bNO
_g Copie: 1
_c337082
_d337082